Pracovná zdravotná služba

Čo patrí medzi preventívno-zdravotné opatrenia podporujúce rozvoj zdravia zamestnancov na pracovisku. Zloženie pracovnej zdravotnej služby (PZS), náplň činnosti. Posudzovanie zdravotnej spôsobilosti na prácu. Mimoriadna lekárska preventívna prehliadka.

Guardado en:
Detalles Bibliográficos
Autor principal: Kovalčíková, Martina
Formato: Capítulo de libro
Lenguaje:eslovaco
Materias:
Etiquetas: Agregar Etiqueta
Sin Etiquetas, Sea el primero en etiquetar este registro!

MARC

LEADER 00000naa a2200000 4500
001 0198329
005 20231120134857.3
041 0 |a slo 
044 |a SK 
245 1 0 |a Pracovná zdravotná služba  |c Martina Kovalčíková 
520 |a Čo patrí medzi preventívno-zdravotné opatrenia podporujúce rozvoj zdravia zamestnancov na pracovisku. Zloženie pracovnej zdravotnej služby (PZS), náplň činnosti. Posudzovanie zdravotnej spôsobilosti na prácu. Mimoriadna lekárska preventívna prehliadka. 
610 2 0 |a bezpečnosť práce 
610 2 0 |a ochrana zdravia 
610 2 0 |a lekárstvo pracovné 
610 2 0 |a služby zdravotnícke 
100 1 |a Kovalčíková, Martina